<?xml version="1.0" encoding="UTF-8"?>
<record
    xmlns:xsi="http://www.w3.org/2001/XMLSchema-instance"
    xsi:schemaLocation="http://www.loc.gov/MARC21/slim http://www.loc.gov/standards/marcxml/schema/MARC21slim.xsd"
    xmlns="http://www.loc.gov/MARC21/slim">

  <leader>01860cam a2200289 i 4500</leader>
  <controlfield tag="001">9952903279105158</controlfield>
  <controlfield tag="005">20251003171959.0</controlfield>
  <controlfield tag="008">230714s2024    enka     b    001#0 eng d</controlfield>
  <datafield tag="020" ind1=" " ind2=" ">
    <subfield code="a">9781447369561</subfield>
  </datafield>
  <datafield tag="035" ind1=" " ind2=" ">
    <subfield code="a">(OCoLC)1390189980</subfield>
  </datafield>
  <datafield tag="035" ind1=" " ind2=" ">
    <subfield code="a">(EXLNZ-01OCUL_NETWORK)994277461805151</subfield>
  </datafield>
  <datafield tag="040" ind1=" " ind2=" ">
    <subfield code="a">YDX</subfield>
    <subfield code="b">eng</subfield>
    <subfield code="e">rda</subfield>
    <subfield code="c">YDX</subfield>
    <subfield code="d">BDX</subfield>
    <subfield code="d">KIJ</subfield>
    <subfield code="d">OCLCO</subfield>
    <subfield code="d">YDX</subfield>
  </datafield>
  <datafield tag="041" ind1=" " ind2=" ">
    <subfield code="a">eng</subfield>
  </datafield>
  <datafield tag="050" ind1=" " ind2="4">
    <subfield code="a">QA76.9.Q36</subfield>
    <subfield code="b">H36 2024</subfield>
  </datafield>
  <datafield tag="245" ind1="0" ind2="4">
    <subfield code="a">The handbook of creative data analysis</subfield>
    <subfield code="c">/ edited Helen Kara, Dawn Murray, and Alastair Roy.</subfield>
  </datafield>
  <datafield tag="260" ind1=" " ind2=" ">
    <subfield code="a">Bristol :</subfield>
    <subfield code="b">Policy Press,</subfield>
    <subfield code="c">2024.</subfield>
  </datafield>
  <datafield tag="300" ind1=" " ind2=" ">
    <subfield code="a">xxiv, 481 pages :</subfield>
    <subfield code="b">illustrations ;</subfield>
    <subfield code="c">25 cm</subfield>
  </datafield>
  <datafield tag="504" ind1=" " ind2=" ">
    <subfield code="a">Includes bibliographical references and index.</subfield>
  </datafield>
  <datafield tag="520" ind1=" " ind2=" ">
    <subfield code="a">Creative research methods for data generation have expanded over recent decades and researchers are eager to take a creative approach to data analysis.

It is challenging to bring creativity into data analysis while retaining a systematic, rigorous, and ethical approach. Written by experts in the field, this handbook addresses these challenges. The chapters adapt analytical techniques in creative ways for novice and expert researchers. Existing and novel methods from analysis of quantitative data to embodied, performative, visual, written, arts-based, and collaborative analysis are featured with case examples that are transferable across disciplines.

This collection offers a definitive practical guide to creative data analysis.</subfield>
  </datafield>
  <datafield tag="650" ind1=" " ind2="0">
    <subfield code="a">Quantitative research</subfield>
    <subfield code="9">22003</subfield>
  </datafield>
  <datafield tag="650" ind1=" " ind2="0">
    <subfield code="a">Creative ability in science</subfield>
    <subfield code="9">26004</subfield>
  </datafield>
  <datafield tag="700" ind1=" " ind2=" ">
    <subfield code="a">Kara, Helen</subfield>
    <subfield code="e">editor</subfield>
    <subfield code="9">26005</subfield>
  </datafield>
  <datafield tag="700" ind1=" " ind2=" ">
    <subfield code="a">Murray, Dawn</subfield>
    <subfield code="e">editor</subfield>
    <subfield code="9">26006</subfield>
  </datafield>
  <datafield tag="700" ind1=" " ind2=" ">
    <subfield code="a">Roy, Alastair</subfield>
    <subfield code="e">editor</subfield>
    <subfield code="9">26007</subfield>
  </datafield>
  <datafield tag="776" ind1="0" ind2="8">
    <subfield code="i">Electronic version:</subfield>
    <subfield code="t">Handbook of creative data analysis.</subfield>
    <subfield code="d">Bristol : Policy Press, an imprint of University of Bristol Press, 2024</subfield>
    <subfield code="z">9781447369592</subfield>
    <subfield code="w">(OCoLC)1454607536</subfield>
  </datafield>
  <datafield tag="942" ind1=" " ind2=" ">
    <subfield code="2">lcc</subfield>
  </datafield>
  <datafield tag="952" ind1=" " ind2=" ">
    <subfield code="0">0</subfield>
    <subfield code="1">0</subfield>
    <subfield code="2">lcc</subfield>
    <subfield code="4">0</subfield>
    <subfield code="7">0</subfield>
    <subfield code="a">TBS</subfield>
    <subfield code="b">TBS</subfield>
    <subfield code="d">2025-10-03</subfield>
    <subfield code="l">0</subfield>
    <subfield code="o">QA76.9.Q36 KAR</subfield>
    <subfield code="p">B05742</subfield>
    <subfield code="r">2025-10-03</subfield>
    <subfield code="t">1</subfield>
    <subfield code="w">2025-10-03</subfield>
    <subfield code="y">1</subfield>
  </datafield>
  <datafield tag="999" ind1=" " ind2=" ">
    <subfield code="c">5006</subfield>
    <subfield code="d">5006</subfield>
  </datafield>
</record>
